Mobilisations de l'épaule - Statistiques

Statistiques générales
  • Ce quiz a été pris 2 fois
  • Le résultat moyen est 5 sur 21
Statistiques - réponses
Hint Réponse % Correct
1 Aile d'ange
100%
2 Sauterelle
100%
3 Charrette
50%
4 Goéland
50%
5 Papillon
50%
7 Pointe
50%
6 Rame
50%
13 ABD totale par la taille
0%
11 Antéro-flexion
0%
8 Carré 90
0%
19 Décollage de la tubérosité
0%
12 Entonnoir
0%
9 Haut et bas
0%
14 Libération de la bride pectorale
0%
16 Mobilisation de la scap
0%
17 Mobilisation scapulo-humérale
0%
20 Pression de décollage
0%
21 Réduction de la scapulo-humérale
0%
18 Rotation externe
0%
10 Trochanter acromion
0%
15 Va-et-vient
0%
Aucun quiz correspondant
Distribution des résultats
% des personnes avec chaque résultat
Percentile par nombre de réponses
Votre historique - résultats
Vous n’avez pas pris ce quiz